Geography Quiz

Random Geography or World Quiz

Click the Arabic-Speaking Countries Quiz Stats

 Plays Quiz Updated May 14, 2019

Score 0/24 Timer 09:00
14 Plays Today
% Correct
Saudi Arabia
98.5%
Yemen
97.4%
Oman
97.2%
Egypt
97.1%
Iraq
96.4%
Libya
96%
Algeria
94.3%
UAE
93.2%
Syria
92%
Jordan
91.1%
Sudan
90.6%
Morocco
89.1%
% Correct
Bahrain
87.4%
Tunisia
87.1%
Palestine
74.5%
Lebanon
73.4%
Eritrea
73%
Chad
71.6%
Somalia
69%
Mauritania
68.5%
Qatar
65.6%
Kuwait
51.9%
Djibouti
43.3%
Comoros
24.3%

You're not logged in!

Compare scores with friends on all Sporcle quizzes.
OR
Log In

You Might Also Like...

Show Comments

Extras

Top Quizzes Today


Score Distribution

Your Account Isn't Verified!

In order to create a playlist on Sporcle, you need to verify the email address you used during registration. Go to your Sporcle Settings to finish the process.

Report this User

Report this user for behavior that violates our Community Guidelines.

Details: